00537 2200193 4500001002100000008004100021035001900062245007600081100001600157250001000173260004000183300003100223020002100254084001500275082000900290650001000299990001700309990001700326INLIS000000000016432 Ind $a 0010-0525000095$a Healing for muslim : $b Hidup bahagia dan tertata rapi / $c Asep Maulana$a Asep Maulana$a Cet. 1$a Depok: $b Senja Media Utama $c 2023 $a vi, 148 hlm. ; $c 13x19 cm.$a 978-623-96027-9-6$a 297.4 Ase h$a 297.4$a IBADAH$a 35233/BT/2024$a 35234/BT/2024